000
00311nam a22001217a 4500
008
181018b xxu||||| |||| 00| 0 eng d
041
_a
eng
080
_a
316
100
_a
50
101
_a
SOC
245
_a
Social Starification a ComporativeE Analysis Of Structure And Proces
_c
Barber.B
942
_2
udc
_c
BK
999
_c
50158
_d
50158